| 000 | 00457nam a2200133Ia 4500 | ||
|---|---|---|---|
| 008 | 170419s9999 xx 000 0 und d | ||
| 100 | _aRossiter, Alicia Gill. | ||
| 245 | _a"I serve 2": meeting the needs of military children in civilian practice | ||
| 245 | _cAlicia Gill Rossiter, Mary Anne Dumas, Margaret C. Wilmoth, Patricia A. Patrician. | ||
| 260 | _bElsevier | ||
| 260 | _c2016 | ||
| 300 | _aSeptember/November | ||
| 440 |
_aNursing Outlook _v64:5 |
||
| 999 |
_c329480 _d329480 |
||